书目信息 |
| 题名: |
体育健康教育与运动处方
|
|
| 作者: | 凌月红 著 | |
| 分册: | ||
| 出版信息: | 北京 北京体育大学出版社 2004.06 |
|
| 页数: | 261页 | |
| 开本: | 21cm | |
| 丛书名: | ||
| 单 册: | ||
| 中图分类: | G804.3 | |
| 科图分类: | ||
| 主题词: | 体育保健学--ti yu bao jian xue , 运动疗法--yun dong liao fa | |
| 电子资源: | ||
| ISBN: | 7-81100-140-3 | |
| 000 | 00879nam0 2200253 450 | |
| 001 | 012007635992 | |
| 005 | 20071228140514.10 | |
| 010 | @a7-81100-140-3@dCNY18.00 | |
| 100 | @a20071228d2004 km y0chiy0120 ea | |
| 101 | 0 | @achi |
| 102 | @aCN@b110000 | |
| 105 | @aa a 000yy | |
| 106 | @ar | |
| 200 | 1 | @a体育健康教育与运动处方@Ati yu jian kang jiao yu yu yun dong chu fang@f凌月红著@Fling yue hong zhu |
| 210 | @a北京@c北京体育大学出版社@d2004.06 | |
| 215 | @a261页@c图@d21cm | |
| 320 | @a有书目 (第260-261页) | |
| 330 | @a本书共十一章,分别阐述了体育健康教育的精髓、健康教育与人体的基本结构和功能、健康教育与心理健康、健康教育与学生常见病等内容。 | |
| 606 | 0 | @a体育保健学@Ati yu bao jian xue |
| 606 | 0 | @a运动疗法@Ayun dong liao fa |
| 690 | @aG804.3@v4 | |
| 701 | 0 | @a凌月红@Aling yue hong@4著 |
| 801 | 0 | @aCN@bQSSK@c20071228 |
| 905 | @b273573-74@dG804.3@eL566@f2 | |
| 体育健康教育与运动处方/凌月红著.-北京:北京体育大学出版社,2004.06 |
| 261页:图;21cm |
| ISBN 7-81100-140-3:CNY18.00 |
| 本书共十一章,分别阐述了体育健康教育的精髓、健康教育与人体的基本结构和功能、健康教育与心理健康、健康教育与学生常见病等内容。 |
| ● |
| 相关链接 |
|
|
|
正题名:体育健康教育与运动处方
索取号:G804.3/L566
 
预约/预借
| 序号 | 登录号 | 条形码 | 馆藏地/架位号 | 状态 | 备注 |
| 1 | 273573 | 202735736 | 社科库409/409社科库 19排4列1层/ [索取号:G804.3/L566] | 在馆 | |
| 2 | 273574 | 202735745 | 社科库409/409社科库 19排4列1层/ [索取号:G804.3/L566] | 在馆 |